ბათუმის შოთა რუსთაველის სახელმწიფო უნივერსიტეტის ბიბლიოთეკა

Архитектурное проектирование жилых здании : (ბიბ.ჩანაწერი № 39789)

000 -LEADER
fixed length control field 00982nam a2200229Ia 4500
001 - CONTROL NUMBER
control field 6394
003 - CONTROL NUMBER IDENTIFIER
control field GE_BSU
005 - DATE AND TIME OF LATEST TRANSACTION
control field 20230803170055.0
008 - FIXED-LENGTH DATA ELEMENTS--GENERAL INFORMATION
fixed length control field 181216s1990||||ru |||||||||||||| ||rus||
020 ## - INTERNATIONAL STANDARD BOOK NUMBER
International Standard Book Number 5274008941
040 ## - CATALOGING SOURCE
Transcribing agency GE_BSU
080 ## - UNIVERSAL DECIMAL CLASSIFICATION NUMBER
Universal Decimal Classification number 728.1.011(075.8) А-87
245 ## - TITLE STATEMENT
Title Архитектурное проектирование жилых здании :
Remainder of title Учеб. для вузов. /
Statement of responsibility, etc. М.В. Лисициан, В.Л. Пашковский, З.В. Петунина ; Ред. Е.И.Астафеева.
264 ## - PRODUCTION, PUBLICATION, DISTRIBUTION, MANUFACTURE, AND COPYRIGHT NOTICE
Place of production, publication, distribution, manufacture Mосква :
Name of producer, publisher, distributor, manufacturer Стройиздат,
Date of production, publication, distribution, manufacture, or copyright notice 1990.
300 ## - PHYSICAL DESCRIPTION
Extent 488с :
Other physical details ил. ;
Dimensions 20 см.
653 ## - INDEX TERM--UNCONTROLLED
keyword Архитектурное проектирование жилых здании
700 ## - ADDED ENTRY--PERSONAL NAME
Personal name Лисициан, М.В.
Titles and other words associated with a name Автор
9 (RLIN) 19592
700 ## - ADDED ENTRY--PERSONAL NAME
Personal name Пашковский, В.Л.
Titles and other words associated with a name Автор
9 (RLIN) 19593
700 ## - ADDED ENTRY--PERSONAL NAME
Personal name Петунина,З.В.
Titles and other words associated with a name Автор
9 (RLIN) 19594
700 ## - ADDED ENTRY--PERSONAL NAME
Personal name Астафеева, Е.И.
Titles and other words associated with a name Редактор
9 (RLIN) 19595
942 ## - ADDED ENTRY ELEMENTS (KOHA)
Koha item type წიგნი
Source of classification or shelving scheme
ეგზემპლარები
Withdrawn status Lost status Source of classification or shelving scheme Damaged status Not for loan Permanent Location Current Location Shelving location Date acquired Full call number Barcode Date last seen Copy number Price effective from Koha item type
          ბათუმის შოთა რუსთაველის სახელმწიფო უნივერსიტეტის მთავარი ბიბლიოთეკა ბათუმის შოთა რუსთაველის სახელმწიფო უნივერსიტეტის მთავარი ბიბლიოთეკა წიგნსაცავი 2018-12-17 728.1.011(075.8) А-87 22508 2018-12-17 22508 2018-12-17 წიგნი